000 00766nam a22002177a 4500
003 NALT
005 20210325214828.0
008 s2555 th f tha d
020 _a9786162670121
040 _aNALT
041 _atha
090 _aFIC
_bอ463ล 2555
100 0 _aออสม่า
_949764
245 1 0 _aลิขิตรักสะบั้นฟ้า /
_cออสม่า.
260 _aกรุงเทพฯ :
_bอักษรศาสตร์ พับลิเคชั่น,
_c2555.
300 _a337 หน้า ;
_b
_c21 ซม.
650 0 _aนวนิยาย
_93785
850 _aNALT
942 _cFIC
_2local
998 _bชวนพิชญ์ รัตนาไพบูลย์
_aphon
_cphon
_j
_kCRON CRON
999 _c77698
_d77698